Perspectivas de la comedia (Record no. 58654)

MARC details
000 -LEADER
campo de control de longitud fija 00892nam a2200229 i 4500
001 - NÚMERO DE CONTROL
campo de control 58654
003 - IDENTIFICADOR DE NÚMERO DE CONTROL
campo de control ES-MaACL
005 - FECHA Y HORA DE LA ÚLTIMA TRANSACCIÓN
campo de control 20230906163845.0
007 - CAMPO FIJO DE DESCRIPCIÓN FÍSICA--INFORMACIÓN GENERAL
campo de control de longitud fija t|
008 - DATOS DE LONGITUD FIJA--INFORMACIÓN GENERAL
campo de control de longitud fija 031023s1978 sp ||||1| spa d
080 ## - NÚMERO DE LA CLASIFICACIÓN DECIMAL UNIVERSAL
Número de la Clasificación Decimal Universal 821.134.2-22.09"16"(04)
245 00 - MENCIÓN DEL TÍTULO
Título Perspectivas de la comedia
Resto del título : colección de ensayos sobre el teatro de Lope, G. de Castro, Calderón y otros /
Mención de responsabilidad, etc. reunidos bajo la direccion de Alva V. Ebersole.
260 ## - PUBLICACIÓN, DISTRIBUCIÓN, ETC.
Lugar de publicación, distribución, etc. [Chapel Hill]| :
Nombre del editor, distribuidor, etc. Estudios de Hispanófila,
Fecha de publicación, distribución, etc. 1978.
300 ## - DESCRIPCIÓN FÍSICA
Extensión 143 p. ;
Dimensiones 21 cm.
490 1# - MENCIÓN DE SERIE
Mención de serie Siglo de oro. Estudios de hispanófila ;
Designación de volumen o secuencia 6
500 ## - NOTA GENERAL
Nota general Textos e índice en inglés y español.
650 #4 - PUNTO DE ACCESO ADICIONAL DE MATERIA--TÉRMINO DE MATERIA
Término de materia o nombre geográfico como elemento de entrada Comedia española-
Subdivisión cronológica S.XVI-XVII-
Subdivisión general Historia y crítica.
9 (RLIN) 148249
700 0# - ENTRADA AGREGADA--NOMBRE PERSONAL
Nombre de persona Ebersole, Alva V.
9 (RLIN) 46472
830 0# - PUNTO DE ACCESO ADICIONAL DE SERIE-TÍTULO UNIFORME
Título uniforme Siglo de oro. Estudios de hispanófila ;
Designación de volumen o secuencia 6
9 (RLIN) 230484
852 ## - LOCALIZACIÓN
Ubicación ES-MaACL
Número de control de estantería L-6973
Sublocalización o colección R.107623
Holdings
Estatus retirado Estado de pérdida Estado de daño No para préstamo Biblioteca de origen Biblioteca actual Ubicación en estantería Fecha de adquisición Fuente de adquisición Total de préstamos Signatura topográfica completa Código de barras Visto por última vez Precio de reemplazo Tipo de ítem Koha
        Biblioteca del Ateneo de Madrid Biblioteca del Ateneo de Madrid Depósito 2 17/01/2008     L-6973 1061535 23/02/2023 23/02/2023 Libro impreso